Beyond policy analysis : (Record no. 18658)
[ view plain ]
| 000 -LEADER | |
|---|---|
| fixed length control field | 00678cam a2200229 a 4500 |
| 001 - CONTROL NUMBER | |
| control field | 14081033 |
| 003 - CONTROL NUMBER IDENTIFIER | |
| control field | MUT |
| 005 - DATE AND TIME OF LATEST TRANSACTION | |
| control field | 20240606081442.0 |
| 008 - FIXED-LENGTH DATA ELEMENTS--GENERAL INFORMATION | |
| fixed length control field | 050818s2006 onca b 001 0 eng |
| 010 ## - LIBRARY OF CONGRESS CONTROL NUMBER | |
| LC control number | 2005482398 |
| 020 ## - INTERNATIONAL STANDARD BOOK NUMBER | |
| International Standard Book Number | 0176168273 |
| 040 ## - CATALOGING SOURCE | |
| Transcribing agency | MUT |
| 050 00 - LIBRARY OF CONGRESS CALL NUMBER | |
| Classification number | H 97 |
| Item number | P34 2001 |
| 100 1# - MAIN ENTRY--PERSONAL NAME | |
| Personal name | Pal, Leslie Alexander, |
| Dates associated with a name | 1954- |
| 245 10 - TITLE STATEMENT | |
| Title | Beyond policy analysis : |
| Remainder of title | public issue management in turbulent times / |
| 250 ## - EDITION STATEMENT | |
| Edition statement | 2nd ed. |
| 260 ## - PUBLICATION, DISTRIBUTION, ETC. | |
| Place of publication, distribution, etc. | Scarborough, Ont. : |
| Name of publisher, distributor, etc. | Thomson/Nelson, |
| Date of publication, distribution, etc. | c2001 |
| 504 ## - BIBLIOGRAPHY, ETC. NOTE | |
| Bibliography, etc. note | Includes bibliographical references and index. |
| 650 #0 - SUBJECT ADDED ENTRY--TOPICAL TERM | |
| Topical term or geographic name entry element | Political planning |
| Geographic subdivision | Canada. |
| 650 #0 - SUBJECT ADDED ENTRY--TOPICAL TERM | |
| Topical term or geographic name entry element | Policy sciences. |
| 942 ## - ADDED ENTRY ELEMENTS (KOHA) | |
| Source of classification or shelving scheme | Library of Congress Classification |
| Koha item type | Books |
| Withdrawn status | Lost status | Source of classification or shelving scheme | Damaged status | Not for loan | Home library | Current library | Shelving location | Date acquired | Source of acquisition | Total checkouts | Full call number | Barcode | Date last seen | Price effective from | Koha item type |
|---|---|---|---|---|---|---|---|---|---|---|---|---|---|---|---|
| Library of Congress Classification | Murang'a University of Technology Library | Murang'a University of Technology Library | General stacks | 26/02/2019 | Donation -TFC | H 97 P34 2001 | 024678 | 30/08/2024 | 26/02/2019 | Books |